| 000 | 00718nam a2200253 i 4500 | ||
|---|---|---|---|
| 001 | 000030113 | ||
| 003 | DO-SdBNP | ||
| 005 | 20251103085334.0 | ||
| 007 | ta | ||
| 008 | 110429s19uu dr 000 0 spa d | ||
| 040 |
_aDO-SdBNP _bspa _cBNPHU _erda |
||
| 041 | _aspa | ||
| 082 |
_axxx _bA189s _222 |
||
| 245 | 0 | 0 | _aAcuerdos sobre la reforma municipal. |
| 264 |
_aSanto Domingo : _bApoyo a las Iniciativas Democráticas, _c[fecha no identificada] |
||
| 300 |
_a64 páginas ; _c28 cm. |
||
| 336 |
_ardacontent _btexto _2txt |
||
| 337 |
_ardamedia _bsin mediación _2n |
||
| 338 |
_ardacarrier _bvolumen _2nc |
||
| 490 | _aFundación siglo 21 | ||
| 590 | _aInventariado, 2025/DG | ||
| 910 | _aDG | ||
| 942 |
_2ddc _cLBS1 |
||
| 999 |
_c29605 _d29605 |
||